|
|
|
|
| LEADER |
00000nam a2200000 a 4500 |
| 001 |
vtls008296012 |
| 003 |
SK-MaSNL |
| 005 |
20260302003511.0 |
| 008 |
240315s2005 sz d g 001 0 eng |
| 020 |
|
|
|a 9221153525
|q (brož.)
|
| 040 |
|
|
|a SNK
|b slo
|c SNK
|e AACR2
|
| 041 |
0 |
|
|a eng
|
| 044 |
|
|
|a sz
|c CH
|
| 072 |
|
7 |
|a 316.3
|x Globálne spoločnosti. Sociálna štruktúra. Sociálne skupiny
|2 konspekt
|
| 080 |
|
|
|a 316.356.2
|2 2001
|
| 080 |
|
|
|a 316.34
|2 2001
|
| 080 |
|
|
|a (048.8)
|2 2001
|
| 100 |
1 |
|
|a Hein, Catherine
|4 aut
|9 642270
|
| 245 |
1 |
0 |
|a Reconciling work and family responsibilities
|b practical ideas from global experience
|c Catherine Hein
|
| 250 |
|
|
|a 1st publ.
|
| 260 |
|
|
|a Geneva
|b International Labour Office
|c 2005
|
| 300 |
|
|
|a xv, 207 s.
|c 24 cm
|
| 650 |
0 |
7 |
|a rodinná politika
|2 SNKPH
|9 3722
|
| 650 |
0 |
7 |
|a rodina
|x soiologické aspekty
|2 SNKPH
|9 642271
|
| 650 |
0 |
7 |
|a práca
|2 SNKPH
|9 2337
|
| 655 |
|
7 |
|a štúdie
|2 SNKPH
|9 57033
|
| 919 |
|
|
|a 92-2-115352-5
|
| 999 |
|
|
|c 992248
|d 994178
|
| 952 |
|
|
|a SNK
|b SNK
|y VYP
|7 0
|p 17A0484833
|o snkIC 132543
|i snk2005/16653
|8 2
|g 28.88
|0 0
|1 0
|4 0
|d 2005-08-26
|l 0
|r 2026-02-24 11:53:16
|w 2026-02-24
|